00640 2200229 4500001002100000005001500021035002000036007000300056008004100059020001800100082001000118084001600128100003100144245005900175250001000234300003400244264003800278336002100316337001900337338002100356856003300377INLIS00000000000147820260511091029 a0010-0526000003ta260511 g 0 ind  a9789794897577 a639.3 a639.3 MUN p1 aMunajat, AchmadePengarang1 aPestisida Nabati untuk Penyakit Ikan /cAchmad Munajat acet.1 aviii, 87 p. :bilus. ;c21 cm aJakarta :bPenebar Swadaya,c2003 2rdacontentateks 2rdamediaabuku 2rdacarrierabuku aPerpustakaan SMK PP N Kupang